The guns of Navarone. (Record no. 233445)

000 -LEADER
fixed length control field 00743cam a22002411 4500
001 - CONTROL NUMBER
control field 8407135
003 - CONTROL NUMBER IDENTIFIER
control field Nust
005 - DATE AND TIME OF LATEST TRANSACTION
control field 20170308095625.0
008 - FIXED-LENGTH DATA ELEMENTS--GENERAL INFORMATION
fixed length control field 751117s1957 enka 000 1 eng
010 ## - LIBRARY OF CONGRESS CONTROL NUMBER
LC control number 57023447
020 ## - INTERNATIONAL STANDARD BOOK NUMBER
International Standard Book Number 9780006172475
035 ## - SYSTEM CONTROL NUMBER
System control number (OCoLC)1839303
040 ## - CATALOGING SOURCE
Original cataloging agency DLC
Transcribing agency GCarrWG
Modifying agency OCoLC
-- DLC
050 00 - LIBRARY OF CONGRESS CALL NUMBER
Classification number PZ4.M1626
Item number Gu2
Classification number PR6063.A248
082 ## - DEWEY DECIMAL CLASSIFICATION NUMBER
Classification number 823.914
Author Mark MAC
100 1# - MAIN ENTRY--PERSONAL NAME
Personal name MacLean, Alistair,
Dates associated with a name 1922-1987.
245 14 - TITLE STATEMENT
Title The guns of Navarone.
Statement of responsibility, etc. Alistair Maclean
260 ## - PUBLICATION, DISTRIBUTION, ETC.
Place of publication, distribution, etc. London,
Name of publisher, distributor, etc. Collins,
Date of publication, distribution, etc. 1957.
300 ## - PHYSICAL DESCRIPTION
Extent 409 p.
Other physical details illus.
Dimensions 21 cm.
650 #0 - SUBJECT ADDED ENTRY--TOPICAL TERM
Topical term or geographic name entry element World War, 1939-1945
General subdivision Fiction.
655 #7 - INDEX TERM--GENRE/FORM
Genre/form data or focus term War stories.
Source of term gsafd
906 ## - LOCAL DATA ELEMENT F, LDF (RLIN)
a 7
b cbc
c oclcrpl
d u
e ncip
f 19
g y-gencatlg
942 ## - ADDED ENTRY ELEMENTS (KOHA)
Source of classification or shelving scheme
Koha item type Book
Holdings
Withdrawn status Lost status Source of classification or shelving scheme Damaged status Not for loan Collection code Permanent Location Current Location Shelving location Date acquired Total Checkouts Total Renewals Full call number Barcode Date last seen Date last checked out Copy number Price effective from Koha item type
            Central Library (CL) Central Library (CL) Fiction 03/08/2017 2 3 823.914 MAC CL326 09/18/2025 02/10/2022 1 03/08/2017 Book
© 2023 Central Library, National University of Sciences and Technology. All Rights Reserved.